00828 2200193 4500245009200000020002200092250001100114100001800125700001800143650002000161650001700181005001900198260003100217041001400248084001000262300002300272500033000295336000900625 aProblem Solving b : Solusi Memecahkan Masalah dalam BerwirausahacOman SuparmanhText a978-602-95935-1-8 aCet. 1 aOman Suparman aTim Semiotika aProblem Solving aWirausahawan a20231004150801 aBandungbPutra Setiac2013 aIndonesia a650.1 a140 hlm. :c21 cm. aKemampuan pemecahan masalah antara salah satu tanggung jawab rerpenting para wirausahawan adalah berusaha memcahkan masalah secara ilmiah dalam bisnis. Para wirausahawan hendaknya dapat menganalisis dengan mengumpulkan data-data mengolahnya, menganalisis, menginterpretasi dan menarik kesimpulan dari penganalisisan tersebut. atext